000 00433nam a2200181Ia 4500
001 10056
005 20260306161803.0
008 260306t2014||||xx |||||||||||||| ||spa||
041 _aESP
082 _aCO 869.634
_bG23
100 _aGarcía Márquez, Gabriel
_eAUT
245 0 _aDel amor y otros demonios
260 _c2014
300 _a189 páginas :
_c24 cm.
650 _aGEN
654 _aCHU
942 _cLIB
_dJUS
_fJUS
_2ddc
_n
999 _c10056
_d10056